000 00567nam a2200205Ia 4500
005 20250923150122.0
008 008 250917s9999 xx 000 0 eng d
037 _aTextual
040 _aDSWL
_beng
_cDSWL
041 _aeng
_2eng
084 _aY:491, P2
_qDSWL
100 _aCrossley, Nick
_9842433
245 0 _aMaking sense of social movements
_c by Nick Crossley
260 _aBuckingham
_bOpen University Press
_c2002
300 _a207p.
365 _aINR
_b795
925 _g795
942 _cTEXL
_hY:491, P2
999 _c1459760
_d1459760